000 00993nam a22002537a 4500
008 090318t xxu||||| |||| 00| 0 eng d
010 _aENG-93219
020 _c200.00
_a9788174430298
035 _aEN-76752
037 _bDBAD / PUB
040 _adpl
_bEnglish
082 _a371.92
100 _aChari, Mythily
245 _aEducational management of students with autism spectrum disorders /
_cby Mythily Chari [and] Satyan Chari
260 _c2008
_aHyderabad
_bPrachee Publications
270 _a3-3-859/A/1, Lane opp. Arya Samaj Kachiguda,
_bHyderabad
_e600027
300 _a162p.:
_c28cm (pbk)
_bill.
500 _aIncludes references
650 _aAutistic children
_xEducation
650 _aAutism in children.
700 _aChari, Satyan
942 _2ddc
_cEN
_mCHA
_h371.92
999 _c25357
_d25357